New York Jets Week 1 Roster 2024-25 - Statistics

General Stats
  • This quiz has been taken 169 times
  • The average score is 25 of 57
Answer Stats
Position College Answer % Correct
QB Cal Aaron Rodgers
100%
RB Wisconsin Braelon Allen
89%
QB Virginia Tech Tyrod Taylor
88%
WR Ohio State Garrett Wilson
84%
DT Alabama Quinnen Williams
81%
LB Murray State Quincy Williams
80%
DT Miami (FL) Leonard Taylor III
79%
WR Ferris State Malik Taylor
79%
WR Clemson Mike Williams
79%
QB Florida State Jordan Travis
76%
CB Cincinnati Sauce Gardner
74%
WR Iowa State Allen Lazard
70%
TE Central Michigan Tyler Conklin
68%
CB Kansas State DJ Reed
65%
OT USC Tyron Smith
61%
RB South Dakota State Isaiah Davis
58%
S Cal Ashtyn Davis
57%
TE Ohio State Jeremy Ruckert
56%
WR Western Kentucky Malachi Corley
54%
LB Alabama CJ Mosley
49%
S Illinois Tony Adams
48%
CB Duke Michael Carter II
47%
LB Florida State Jermaine Johnson
45%
OT Penn State Olu Fashanu
45%
G Clemson John Simpson
44%
P SMU Thomas Morstead
44%
WR Stephen F. Austin Xavier Gipson
44%
G USC Alijah Vera-Tucker
43%
C Wisconsin Joe Tippmann
43%
DE Iowa State Will McDonald IV
42%
K Missouri Western Greg Zuerlein
39%
OT Virginia Morgan Moses
39%
S Virginia Tech Chuck Clark
35%
DE Temple Haason Reddick
35%
LB Auburn Jamien Sherwood
35%
LS Duke Thomas Hennessy
30%
DE Texas A&M Micheal Clemons
28%
CB N/A Qwan'tez Stiggers
28%
DT South Carolina Javon Kinlaw
27%
TE Ole Miss Kenny Yeboah
26%
DE Stanford Solomon Thomas
25%
CB Kentucky Brandin Echols
24%
WR Southern Miss Jason Brownlee
24%
LB UNC Chazz Surratt
22%
OT Pitt Carter Warren
21%
OT Louisiana Max Mitchell
20%
WR Indiana (PA) Irvin Charles
17%
DE Michigan Braiden McGregor
15%
DE UConn Eric Watts
14%
CB LSU Jarrick Bernard-Converse
14%
S Colorado Isaiah Oliver
12%
DT Utah Leki Fotu
12%
G San Jose State Wes Schweitzer
11%
G Baylor Xavier Newman
11%
LB Western Michigan Zaire Barnes
11%
RB Pitt Israel Abinakanda
9%
DE UCLA Takkarist McKinley
9%
No matching quizzes found
Score Distribution
Percent of People with Each Score
Percentile by Number Answered
Your Score History
You have not taken this quiz